| 000 | 00530nam a22001577a 4500 | ||
|---|---|---|---|
| 020 | _qHard Cover. | ||
| 082 | _a004 | ||
| 100 | _aRiazat, Ehtesham ; Shahid, Gul Waqas ; Khan, Sohaib and Shoukat, USman. | ||
| 245 |
_aLeadership _cEhtesham Riazat and Usman Shoukat. |
||
| 260 |
_aIslamabad: _bSEECS - NUST, |
||
| 300 |
_a31 p. : _bill. ; _c30cm. |
||
| 700 |
_aMohammad Yousaf _934879 |
||
| 856 | _uhttp://10.250.8.41:8080/xmlui/handle/123456789/29047 | ||
| 942 |
_2ddc _cPR |
||
| 999 |
_c540716 _d540716 |
||